Countries Closest to Grenada - Sudden Death - Statistics

General Stats
  • This quiz has been taken 13 times
  • The average score is 9 of 15
Answers on the Grid
Answers color-coded by a green-red scale on the quiz's grid according to % correct below.
Saint Kitts and Nevis
Antigua and Barbuda
Dominica
Saint Lucia
Barbados
Trinidad and Tobago
Dominican Republic
Haiti
Venezuela
Colombia
Brazil
Guyana
Suriname
Bahamas
Saint Vincent and the Grenadines
United States
Mexico
Cuba
Honduras
El Salvador
Belize
Nicaragua
Costa Rica
Panama
Ecuador
Peru
Bolivia
Paraguay
Canada
Jamaica
 
Answer Stats
Answer % Correct
Dominica
100%
Antigua and Barbuda
80%
Saint Kitts and Nevis
80%
Saint Lucia
80%
Saint Vincent and the Grenadines
80%
Trinidad and Tobago
80%
Barbados
60%
Guyana
60%
Suriname
60%
Venezuela
60%
Colombia
40%
Dominican Republic
40%
Haiti
40%
Brazil
20%
Bahamas
0%
No matching quizzes found
Score Distribution
Percent of People with Each Score
Percentile by Number Answered
Your Score History
You have not taken this quiz